000
00313nam a22001337a 4500
041
_a
ENG
100
_a
Rajagopalan.R
245
_a
Environmental Studies From Crisis To Cure
250
_a
Second Ed
260
_a
Delhi
_b
Oxford Universty Press
_c
2011
300
_a
358
650
_a
EOES
856
_u
EOES ( 11 )
999
_c
1176
_d
1176